LEADER 01609nam0 22003731i 450 001 UON00437801 005 20240917022632.501 010 $a95-11-13735-2 010 $a978-95-11-13735-1 100 $a20140407d1994 |0itac50 ba 101 $aita 102 $aFI 105 $a|||| 1|||| 200 1 $aBreve storia della Finlandia$fMatti Klinge 210 $aHelsinki$cOtava$d1994 215 $a171 p.$cillustrazioni$d19 cm 300 $aTrad. di Paivi Ylonen, Sergio Comet 312 $aTitolo originale$9UON00526074 316 $aValore stimato$5IT-UONSI FIUA/0535 316 $aValore stimato, recupero pregresso$5IT-UONSI S.CFINLANDESE/012 500 0$3UON00526074$aKatsaus Suomen historiaan / Matti Klinge.$94544509 606 $aFinlandia$xStoria$3UONC027600$2FI 620 $aFI$dHelsinki$3UONL000062 676 $a948.9$cFINLANDIA - STORIA$v21 700 1$aKLINGE$bMatti$3UONV220412$0712216 702 1$aCOMET$bSergio$3UONV218779$4730 702 1$aYLÖNEN$bPaivi$3UONV296103$4730 712 $aOtava$3UONV270694$4650 801 $aIT$bSOL$c20260227$gRICA 912 $aUON00437801 950 $aSIBA - SISTEMA BIBLIOTECARIO DI ATENEO E ARCHIVIO STORICO$dSI FIU A 0535 $eSI 9698 5 0535 Valore stimato 950 $aSIBA - SISTEMA BIBLIOTECARIO DI ATENEO E ARCHIVIO STORICO$dSI S.C FINLANDESE 012 $eSI 51718 7 012 Valore stimato, recupero pregresso 996 $aKatsaus Suomen historiaan$94544509 997 $aUNIOR